Statistics for UK Melee Power Rankings

Click here to take the quiz!

General Stats

  • This quiz has been taken 94 times
    (18 since last reset)
  • The average score is 194 of 407

Answer Stats

RankingRankAnswer% Correct
20225Fat Tino
92%
Autumn/Winter 20195Fat Tino
92%
20234Fat Tino
92%
Autumn/Winter 20215Fat Tino
92%
Spring/Summer 2019 8Fat Tino
92%
Autumn/Winter 2018 18Fat Tino
92%
20231Frenzy
92%
October 2016 7Frenzy
92%
July 2018 5Frenzy
92%
Winter/Spring 2021 (Online) 2Frenzy
92%
December 2015 20Frenzy
92%
20222Frenzy
92%
Spring/Summer 2019 2Frenzy
92%
October 2017 5Frenzy
92%
March 2017 6Frenzy
92%
June 201525Frenzy
92%
Autumn/Winter 2018 5Frenzy
92%
May 2016 15Frenzy
92%
Autumn/Winter 20212Frenzy
92%
Autumn/Winter 2019 3Frenzy
92%
202323Joefish
92%
Winter/Spring 2021 (Online) 6Kingu
92%
20224Kingu
92%
20235Kingu
92%
Autumn/Winter 20214Kingu
92%
202215Lil Chief
92%
Autumn/Winter 202117Lil Chief
92%
20238Little Chief
92%
Winter/Spring 2021 (Online) 4max
92%
20233Max
92%
Autumn/Winter 20213Max
92%
20223Max
92%
December 20151Professor Pro
92%
Autumn/Winter 20211Professor Pro
92%
June 2015 1Professor Pro
92%
December 2014 1Professor Pro
92%
20232Professor Pro
92%
Autumn/Winter 20191Professor Pro
92%
Spring/Summer 2019 1Professor Pro
92%
Winter/Spring 2021 (Online) 1Professor Pro
92%
August 2015 (smashranking.eu) 1Professor Pro
92%
September 20102Professor Pro
92%
July 20181Professor Pro
92%
October 2017 1Professor Pro
92%
March 2017 1Professor Pro
92%
Autumn/Winter 20181Professor Pro
92%
20221Professor Pro
92%
May 20161Professor Pro
92%
October 2016 1Professor Pro
92%
Autumn/Winter 20218Squeachu
92%
202211Squeachu
92%
202312Squeachu
92%
Spring/Summer 2019 13Bombo
83%
July 2018 18Bombo
83%
20237Bomboni
83%
Autumn/Winter 2018 22Bomboni
83%
Autumn/Winter 201913Bomboni
83%
Spring/Summer 2019 10Bomboni
83%
Autumn/Winter 202114Bomboni
83%
March 2017 2Fuzzyness
83%
October 2016 2Fuzzyness
83%
September 20101Fuzzyness
83%
August 2015 (smashranking.eu) 2Fuzzyness
83%
September 2007 3Fuzzyness
83%
October 2017 4Fuzzyness
83%
May 20162Fuzzyness
83%
December 20152Fuzzyness
83%
June 2015 2Fuzzyness
83%
December 2014 2Fuzzyness
83%
Winter/Spring 2021 (Online) 7GG
83%
20229GG
83%
Autumn/Winter 201825GG
83%
Autumn/Winter 201922GG
83%
Spring/Summer 2019 15GG
83%
Autumn/Winter 202112GG
83%
Autumn/Winter 2018 20Hao
83%
October 2017 22Hao
83%
July 2018 20Hao
83%
October 2016 20HaoTwo
83%
June 2015 13HaoTwo
83%
May 2016 12HaoTwo
83%
December 2015 10HaoTwo
83%
December 2014 15HaoTwo
83%
20239Pi
83%
202212Pi
83%
Winter/Spring 2021 (Online) 11Pi
83%
202316Skuxx
83%
Autumn/Winter 2018 17Skuxx
83%
Spring/Summer 2019 9Skuxx
83%
Autumn/Winter 201921Skuxxyy
83%
202325EuO
75%
202319Ivy
75%
20236Luke
75%
Spring/Summer 2019 20Luke
75%
Autumn/Winter 202110Mordo
75%
July 2018 23Mordo
75%
202218Mordo
75%
Autumn/Winter 201914Mordo
75%
202317Mordo
75%
Spring/Summer 2019 11Mordo
75%
Autumn/Winter 2018 13Mordo
75%
Winter/Spring 2021 (Online) 13Mordo
75%
Spring/Summer 20195R23
75%
August 2015 (smashranking.eu) 4R23
75%
202310R23
75%
Autumn/Winter 2018 9R23
75%
March 2017 5R23
75%
October 2016 6R23
75%
June 2015 11R23
75%
Winter/Spring 2021 (Online) 5R23
75%
December 2014 19R23
75%
Autumn/Winter 202113R23
75%
December 2015 5R23
75%
October 2017 9R23
75%
May 2016 6R23
75%
20227R23
75%
July 2018 8R23
75%
Autumn/Winter 201910R23
75%
Spring/Summer 2019 3Setchi
75%
Autumn/Winter 2019 2Setchi
75%
Autumn/Winter 2018 3Setchi
75%
March 2017 11Setchi
75%
July 2018 3Setchi
75%
October 2017 10Setchi
75%
20231110QS
67%
20221410QS
67%
Autumn/Winter 20212010QuidShoes
67%
Spring/Summer 20192510QuidShoes
67%
Autumn/Winter 20191210QuidShoes
67%
July 2018 2410QuidShoes
67%
March 2017 2223
67%
Autumn/Winter 2021723
67%
Autumn/Winter 2018 1523
67%
July 2018 1523
67%
Autumn/Winter 20191123
67%
October 2017 2323
67%
Spring/Summer 2019 2123
67%
20222023
67%
October 2016 2423
67%
Spring/Summer 2019 14Branspeed
67%
Autumn/Winter 201917Branspeed
67%
20226Branspeed
67%
Winter/Spring 2021 (Online) 15Matt Smith
67%
202223Matt Smith
67%
Autumn/Winter 2018 16Okameed
67%
202313Okameed
67%
202216Okameed
67%
Spring/Summer 2019 16Okameed
67%
Autumn/Winter 201915Okameed
67%
Autumn/Winter 20219Okameed
67%
202320Stylo
67%
202225Aiika
58%
Autumn/Winter 20198Aiken
58%
Autumn/Winter 202124HoorayForJay
58%
202324HoorayForJay
58%
May 2016 10Jam
58%
September 20071Jam
58%
June 2015 16Jam
58%
December 2015 9Jam
58%
October 2016 12Jam
58%
March 2017 10Jam
58%
Winter/Spring 2021 (Online) 12Laurster
58%
July 2018 17Laurster
58%
Autumn/Winter 201916Laurster
58%
October 2017 18Laurster
58%
202314Laurster
58%
March 2017 4MINT
58%
Autumn/Winter 20196MINT
58%
December 2015 8MINT
58%
Winter/Spring 2021 (Online) 3MINT
58%
October 2017 3MINT
58%
July 2018 4MINT
58%
May 2016 8MINT
58%
Autumn/Winter 2018 6MINT
58%
October 2016 5MINT
58%
June 2015 3Vanity Angel
58%
May 2016 3Vanity Angel
58%
March 2017 3Vanity Angel
58%
Autumn/Winter 2018 4Vanity Angel
58%
December 2014 3Vanity Angel
58%
July 20182Vanity Angel
58%
September 20105VanityAngel
58%
October 2016 3Vanity Angel
58%
October 2017 2Vanity Angel
58%
December 2015 3Vanity Angel
58%
August 2015 (smashranking.eu) 3Vanity Angel
58%
December 2015 6Alpha Dash
50%
August 2015 (smashranking.eu) 8Alpha Dash
50%
Autumn/Winter 20197Alpha Dash
50%
October 2016 8Alpha Dash
50%
March 2017 7Alpha Dash
50%
May 2016 5Alpha Dash
50%
June 2015 8Alpha Dash
50%
December 2014 6Alpha Dash
50%
July 2018 11Alpha Dash
50%
October 2017 7Alpha Dash
50%
December 2014 22Calzum
50%
June 2015 21Calzum
50%
Spring/Summer 2019 24CptNebula
50%
Autumn/Winter 202125CptNebula
50%
Autumn/Winter 201924CptNebula
50%
July 2018 10Deathgazer
50%
March 2017 9Deathgazer
50%
September 20107Deathgazer
50%
May 2016 7Deathgazer
50%
June 2015 6Deathgazer
50%
October 2016 9Deathgazer
50%
December 2014 5Deathgazer
50%
December 2015 7Deathgazer
50%
Autumn/Winter 2018 10Deathgazer
50%
August 2015 (smashranking.eu) 5Deathgazer
50%
October 2017 11Deathgazer
50%
202322Jacob
50%
Spring/Summer 2019 4maXy
50%
October 2016 14maXy
50%
July 2018 6maXy
50%
March 2017 8maXy
50%
Autumn/Winter 20182maXy
50%
May 2016 21maXy
50%
October 2017 12maXy
50%
December 2015 17RashAttack
50%
Autumn/Winter 201918Rash Attack
50%
July 2018 12RashAttack
50%
May 2016 19RashAttack
50%
Spring/Summer 2019 12Rash Attack
50%
October 2017 20RashAttack
50%
202217Shifting
50%
August 2015 (smashranking.eu) 6Shifting Shadows
50%
Autumn/Winter 202118ShiftingShadows
50%
October 2017 15ShiftingShadows
50%
October 2016 10Shifting Shadows
50%
Winter/Spring 2021 (Online) 8ShiftingShadows
50%
Autumn/Winter 2018 12ShiftingShadows
50%
December 2015 15Shifting Shadows
50%
July 2018 14ShiftingShadows
50%
March 2017 14ShiftingShadows
50%
December 2014 14Shifting Shadows
50%
May 2016 14Shifting Shadows
50%
June 2015 12ShiftingShadows
50%
June 2015 10Willz
50%
Autumn/Winter 2018 14Willz
50%
May 2016 20Willz
50%
December 2014 8Willz
50%
December 2015 16Willz
50%
202222Antz
42%
202315Bonjwa
42%
Winter/Spring 2021 (Online) 10Jamie
42%
202321Most Wanted
42%
202210Stranger
42%
Autumn/Winter 20216StrangerSA
42%
October 2017 25StrangerSA
42%
July 2018 7UnHaven
42%
March 2017 13UnHaven
42%
Autumn/Winter 2018 7UnHaven
42%
October 2017 8UnHaven
42%
Spring/Summer 2019 6UnHaven
42%
202318Verdant
42%
July 2018 19Xardov
42%
October 2017 24Xardov
42%
202224Xardov
42%
Autumn/Winter 201925Beau
33%
Spring/Summer 2019 7Isdsar
33%
Autumn/Winter 2018 8Isdsar
33%
July 2018 9Isdsar
33%
Autumn/Winter 20194Isdsar
33%
20228Modestmajor
33%
December 2015 24Modest Major
33%
202213Thai
33%
Autumn/Winter 202119Thai
33%
December 2014 18Bloodbowler
25%
September 2007 10Bloodbowler
25%
December 2014 21Brado
25%
Spring/Summer 2019 22Kid+
25%
Autumn/Winter 202111Luan
25%
Autumn/Winter 201824Lumos
25%
October 2017 13Phade
25%
May 201624Phade
25%
Spring/Summer 2019 18Phade
25%
March 2017 16Phade
25%
December 2015 25Phade
25%
July 2018 13Phade
25%
October 2016 15Phade
25%
Spring/Summer 2019 23Silas
25%
Autumn/Winter 202115Silas
25%
Autumn/Winter 201923Silas
25%
December 2015 4Dev
17%
May 2016 4Dev
17%
October 20164Dev
17%
Autumn/Winter 202121Glaikit
17%
202221Glaikit
17%
Autumn/Winter 202123Kidder
17%
Autumn/Winter 201919Kidder
17%
Spring/Summer 2019 17Kidder
17%
202219Kidder
17%
Autumn/Winter 2018 21Tooni
17%
Autumn/Winter 20199Toooni
17%
October 2017 21X1
17%
October 2016 18X1
17%
July 2018 21X1
17%
September 201015X1
17%
March 2017 23X1
17%
December 2015 14X1
17%
May 2016 16X1
17%
June 2015 19X1
17%
December 2014 11X1
17%
Autumn/Winter 201920BARRYBONES
8%
May 2016 11BrTarolg
8%
March 2017 15BrTarolg
8%
October 2016 11BrTarolg
8%
December 2015 12BrTarolg
8%
June 2015 7BrTarolg
8%
December 2014 17BrTarolg
8%
August 2015 (smashranking.eu)10BrTarolg
8%
December 2015 21Cpt. Zeppo
8%
October 2016 25Cpt. Zeppo
8%
September 2007 2Cpt.Zeppo
8%
June 2015 14Cpt. Zeppo
8%
June 2015 22Ddiz
8%
Winter/Spring 2021 (Online) 9Enerj
8%
September 2007 5Frostbyte
8%
September 201011Frostbyte
8%
Autumn/Winter 2018 23Graeme
8%
Spring/Summer 2019 19inzane
8%
December 2015 13J3ly
8%
May 2016 17J3ly
8%
September 20103J3ly
8%
December 2014 7J3ly
8%
June 2015 9J3ly
8%
December 2014 12Jin
8%
June 2015 4Jin
8%
August 2015 (smashranking.eu) 9Jin
8%
Autumn/Winter 2018 19Johnny Turbo
8%
July 2018 25Johnny Turbo
8%
December 2014 4Jolteon
8%
March 2017 17Jolteon
8%
June 2015 5Jolteon
8%
May 2016 9Jolteon
8%
August 2015 (smashranking.eu) 7Jolteon
8%
September 2007 11Kone
8%
July 2018 22Leck
8%
March 2017 20Manyula
8%
May 2016 18Manyula
8%
June 2015 23Manyula
8%
October 2016 19Manyula
8%
October 2017 19Manyula
8%
December 2015 22Manyula
8%
December 2015 19M.M Molgera
8%
June 2015 20M.M Molgera
8%
Autumn/Winter 202122Modentor
8%
September 2007 7Mr P
8%
September 2007 4Ogre
8%
September 2007 6Reacher
8%
October 2017 17Ryan S
8%
December 2015 18Ryan S
8%
May 2016 22Ryan S
8%
October 2016 16Ryan S
8%
March 2017 18Ryan S
8%
September 2007 14Spam-a-Lamb
8%
September 20106Tamoo
8%
June 2015 18Tamoo
8%
December 2014 13Tamoo
8%
Winter/Spring 2021 (Online) 14Weston
8%
Autumn/Winter 202116Zepple
8%
September 2007 12C03Y
0%
September 201015Chrisboi
0%
December 201425Dacacia
0%
September 2007 16Davemans
0%
September 2007 8DSD9
0%
September 201014Gantz
0%
September 2007 13GEEK28
0%
December 2014 20GM-Sean
0%
October 2017 14Hen
0%
March 2017 25Hen
0%
June 2015 15JJLinyard
0%
December 2014 16JJLinyard
0%
September 20109JO3
0%
June 2015 24JoMo
0%
December 2014 24KingNDJ
0%
June 2015 17Kipkosky
0%
December 2014 9L-J
0%
September 201012L-J
0%
September 2007 9Lord Rust
0%
July 2018 16Maskless
0%
October 2017 16Maskless
0%
March 2017 19Maskless
0%
October 2016 21Maskless
0%
September 200715Ouch
0%
March 2017 24Pripps
0%
October 2016 17Pripps
0%
September 20104Retroking
0%
December 2014 23Shufu
0%
September 20108Smakis
0%
October 2016 23Soy
0%
May 2016 23Soy
0%
September 201010Swizzy
0%
December 2014 10Swizzy
0%
Autumn/Winter 2018 11TimeMuffinPhD
0%
December 2015 23TimeMuffinPhD
0%
October 2016 13TimeMuffinPhD
0%
March 2017 12TimeMuffinPhD
0%
October 2017 6TimeMuffinPhD
0%
May 201625TimeMuffinPhD
0%
December 2015 11Unreal
0%
May 2016 13Unreal
0%
October 2016 22Way
0%
March 201721Way
0%
September 201013Yeniths
0%

Score Distribution

Percentile by Number Answered

Percent of People with Each Score

Your Score History

You have not taken this quiz since the last reset